The road safety project = Dự án an toàn mạng lưới quốc lộ

The objective of the Road Safety Project for Vietnam is to reduce the rate of accidents, injury and death associated with road transport through physical improvement and institutional development to strengthen the management of road transport safety. The extension results from initial procurement de...

Πλήρης περιγραφή

Αποθηκεύτηκε σε:
Λεπτομέρειες βιβλιογραφικής εγγραφής
Συγγραφή απο Οργανισμό/Αρχή: The World Bank in Vietnam (WB)
Μορφή: Βιβλίο
Γλώσσα:Undetermined
Έκδοση: Ha Noi The World Bank in Vietnam (WB) 2004
Θέματα:
Ετικέτες: Προσθήκη ετικέτας
Δεν υπάρχουν, Καταχωρήστε ετικέτα πρώτοι!
Thư viện lưu trữ: Trung tâm Học liệu Trường Đại học Cần Thơ
LEADER 02222nam a2200217Ia 4500
001 CTU_171827
008 210402s9999 xx 000 0 und d
082 |a 363.125 
082 |b W927 
110 |a The World Bank in Vietnam (WB) 
245 4 |a The road safety project = 
245 0 |b Dự án an toàn mạng lưới quốc lộ 
245 4 |c The World Bank in Vietnam (WB) 
260 |a Ha Noi 
260 |b The World Bank in Vietnam (WB) 
260 |c 2004 
520 |a The objective of the Road Safety Project for Vietnam is to reduce the rate of accidents, injury and death associated with road transport through physical improvement and institutional development to strengthen the management of road transport safety. The extension results from initial procurement delays of over two years in the recruitment of the lead consulting service responsible for overall implementation coordination. Over the last 18 months project implementation has closely followed an agreed detailed implementation schedule that acknowledged a target completion date of June 2012. However, the first credit closing date extension to June 2011 was approved on the basis that consideration of any further extension will be contingent on satisfactory progress in implementing the agreed schedule through June 2011. Apart from a minor slippage in one component, steady progress has been consistent with the agreed schedules and action plans over the last three years. The extension allows for the conclusion of several on-going training activities and, most significantly, completion of substantial packages critical to the full achievement of the project development objectives by ensuring sufficient time for: (i) the acquisition of goods and related user training for rollout of the National Road Accident Database System (NRADS); (ii) the supply and installation of traffic camera equipment for the pilot enforcement program and related monitoring and evaluation activities; and (iii) planned media awareness campaigns. 
650 |a Transportation,Giao thông vận tải 
650 |z Vietnam,Việt Nam 
904 |i Kiều Trang, Trọng Hiếu 
980 |a Trung tâm Học liệu Trường Đại học Cần Thơ